[Event "Bohumin op 2nd"]
[Site "Bohumin"]
[Date "2019.06.27"]
[Round "6"]
[White "Kania, Dominik"]
[Black "Oles, Martin"]
[Result "1/2-1/2"]
[WhiteElo "1904"]
[BlackElo "1682"]
[PlyCount "143"]
[EventDate "2019.06.22"]
[EventType "swiss"]
[EventRounds "9"]
[EventCountry "CZE"]
[SourceTitle "CBM 191 Extra"]
[Source "ChessBase"]
[SourceDate "2019.09.30"]
[SourceVersion "1"]
[SourceVersionDate "2019.09.30"]
[SourceQuality "1"]

1. d4 Nf6 2. Bf4 g6 3. e3 Bg7 4. Nf3 d6 5. Nbd2 0-0 6. c3 Nc6 7. Be2 Re8 8. h3 e5 9. dxe5 dxe5 10. Bh2 e4 11. Nd4 Nd5 12. 0-0 Be5 13. Nc4 Bxh2+ 14. Kxh2 Ne5 15. Nc2 c6 16. Qd4 Qc7 17. Kh1 Bd7 18. Rfd1 b5 19. Nxe5 Rxe5 20. Nb4 Rae8 21. Nxd5 Rxd5 22. Qf6 Rf5 23. Qh4 Be6 24. Rd4 Bd5 25. Bg4 Rfe5 26. Qg3 Qa5 27. a3 f5 28. Be2 R5e7 29. Rad1 Qb6 30. R1d2 Rd7 31. b3 Red8 32. Qe5 Kf7 33. c4 bxc4 34. bxc4 Be6 35. Rxd7+ Rxd7 36. Rxd7+ Bxd7 37. c5 Qb1+ 38. Kh2 Be6 39. Qc7+ Kf6 40. Qxc6 Qb8+ 41. g3 Qb2 42. Qb5 Qxb5 43. Bxb5 Ke5 44. Bc6 Bd5 45. Bd7 Be6 46. c6 Kd6 47. Bxe6 Kxe6 48. g4 fxg4 49. hxg4 g5 50. f4 gxf4 51. exf4 Kd6 52. Kg2 Kxc6 53. Kf2 Kd5 54. Ke3 h6 55. Ke2 Ke6 56. a4 a5 57. Kd2 Kd6 58. Ke2 Ke6 59. Ke3 Kd5 60. g5 hxg5 61. fxg5 Ke5 62. g6 Kf6 63. Kxe4 Kxg6 64. Kd4 Kf6 65. Kc4 Ke7 66. Kb5 Kd7 67. Kxa5 Kc7 68. Ka6 Kb8 69. Kb6 Ka8 70. a5 Kb8 71. a6 Ka8 72. a7 1/2-1/2

[Event "Bohumin op 2nd"]
[Site "Bohumin"]
[Date "2019.06.26"]
[Round "5"]
[White "Oles, Martin"]
[Black "Pilch, Roman"]
[Result "0-1"]
[WhiteElo "1682"]
[BlackElo "2129"]
[PlyCount "94"]
[EventDate "2019.06.22"]
[EventType "swiss"]
[EventRounds "9"]
[EventCountry "CZE"]
[SourceTitle "CBM 191 Extra"]
[Source "ChessBase"]
[SourceDate "2019.09.30"]
[SourceVersion "1"]
[SourceVersionDate "2019.09.30"]
[SourceQuality "1"]

1. e4 c5 2. d3 Nc6 3. g3 g6 4. Bg2 Bg7 5. f4 d6 6. Nf3 e6 7. 0-0 Nge7 8. Nc3 0-0 9. h3 b6 10. g4 f5 11. gxf5 gxf5 12. Kh2 Qd7 13. Rg1 Bb7 14. h4 Kh8 15. Bh3 Nd4 16. Ng5 h6 17. Nf3 Nec6 18. Be3 Qe7 19. h5 Rg8 20. Rg6 Kh7 21. Bxd4 Nxd4 22. Nxd4 Bxd4 23. Rxe6 Qxe6 24. Bxf5+ Qxf5 25. exf5 Rg2+ 26. Kh3 Rag8 27. Qe1 Bf2 28. Qe7+ R8g7 29. Qxg7+ Rxg7 30. Ne4 Bxe4 31. dxe4 Rg1 32. Rxg1 Bxg1 33. c3 Be3 34. Kg4 Bc1 35. f6 Bxb2 36. Kf5 Bxc3 37. Ke6 c4 38. f7 Bg7 39. Ke7 c3 40. f5 c2 41. f6 c1Q 42. fxg7 Qg5+ 43. Ke8 Qe5+ 44. Kf8 Qxg7+ 45. Ke8 Qe5+ 46. Kf8 Qxe4 47. a4 Qf5 0-1

[Event "Bohumin op 2nd"]
[Site "Bohumin"]
[Date "2019.06.24"]
[Round "3"]
[White "Oles, Martin"]
[Black "Tymrakiewicz, Rafal"]
[Result "0-1"]
[WhiteElo "1682"]
[BlackElo "2222"]
[PlyCount "60"]
[EventDate "2019.06.22"]
[EventType "swiss"]
[EventRounds "9"]
[EventCountry "CZE"]
[SourceTitle "CBM 191 Extra"]
[Source "ChessBase"]
[SourceDate "2019.09.30"]
[SourceVersion "1"]
[SourceVersionDate "2019.09.30"]
[SourceQuality "1"]

1. e4 c6 2. d4 d5 3. Nc3 g6 4. exd5 cxd5 5. Nf3 Nc6 6. Bb5 Nf6 7. Ne5 Bd7 8. Bxc6 Bxc6 9. 0-0 Bg7 10. f4 e6 11. b3 0-0 12. g4 Rc8 13. f5 exf5 14. gxf5 Bd7 15. Nxd7 Qxd7 16. Ne2 Ne4 17. Ng3 Rfe8 18. Bb2 Qc7 19. Nxe4 Rxe4 20. fxg6 hxg6 21. Rf2 Rce8 22. Qd3 Bh6 23. Kh1 Be3 24. Rg2 Kg7 25. c4 Qd6 26. c5 Qc7 27. b4 Rh8 28. Re1 Rh3 29. Ree2 Qf4 30. Rc2 Qf3 0-1

[Event "POL-chT U20 2nd League"]
[Site "Szczyrk"]
[Date "2017.07.24"]
[Round "3.10"]
[White "Oles, Martin"]
[Black "Dziewonski, Dariusz"]
[Result "0-1"]
[WhiteElo "1437"]
[BlackElo "1594"]
[PlyCount "140"]
[EventDate "2017.07.22"]
[EventType "team-swiss"]
[EventRounds "11"]
[EventCountry "POL"]
[SourceTitle "EXT 2019"]
[Source "ChessBase"]
[SourceDate "2018.10.10"]
[SourceVersion "1"]
[SourceVersionDate "2018.10.10"]
[SourceQuality "1"]

1. e4 c5 2. Nf3 d6 3. d4 cxd4 4. Nxd4 Nf6 5. Nc3 g6 6. f4 Nc6 7. Bb5 Bd7 8. Bxc6 Bxc6 9. Qf3 Qc7 10. Be3 Bg7 11. 0-0-0 0-0 12. Nxc6 Qxc6 13. e5 Qxf3 14. gxf3 Ne8 15. Nd5 dxe5 16. Nxe7+ Kh8 17. fxe5 Bxe5 18. Rd7 Nd6 19. f4 Bxb2+ 20. Kxb2 Nc4+ 21. Kc1 Nxe3 22. Rxb7 Rfb8 23. Rc7 Rb4 24. Re1 Ng4 25. h3 Nf6 26. Nc6 Rxf4 27. Rxf7 Nd5 28. Rd7 Nc3 29. Ree7 Rh4 30. Nd8 Re4 31. Rxh7+ Kg8 32. Rh6 Nxa2+ 33. Kb2 Rb8+ 34. Rb7 Rxb7+ 35. Nxb7 Kg7 36. Rxg6+ Kxg6 37. Kxa2 Kf6 38. Kb3 Ke7 39. c4 Rh4 40. Kb4 Kd7 41. Kb5 Kc7 42. Na5 Rxh3 43. Kb4 Rh5 44. Nb3 Kc6 45. Nd4+ Kb6 46. Nb3 Rh4 47. Na5 Rh5 48. Nb3 Rh2 49. c5+ Kc7 50. Na5 Rb2+ 51. Kc4 Rb1 52. Nb3 a6 53. Na5 Rb2 54. Nb3 Ra2 55. Kb4 Kc6 56. Na5+ Kd5 57. Nb3 Rc2 58. Ka5 Rb2 59. Ka4 Rb1 60. Kb4 a5+ 61. Ka4 Rb2 62. Nxa5 Kxc5 63. Ka3 Rb8 64. Nb3+ Kc4 65. Nd2+ Kd3 66. Nb3 Kc4 67. Nd2+ Kc3 68. Ne4+ Kd3 69. Nc5+ Kc4 70. Na4 Ra8 0-1

[Event "POL-chT U19 2nd League"]
[Site "Iwonicz"]
[Date "2016.07.31"]
[Round "9.16"]
[White "Oles, Martin"]
[Black "Lepski, Maksymilian"]
[Result "1-0"]
[WhiteElo "1485"]
[BlackElo "1442"]
[PlyCount "73"]
[EventDate "2016.07.23"]
[EventType "team-swiss"]
[EventRounds "11"]
[EventCountry "POL"]
[SourceTitle "EXT 2019"]
[Source "ChessBase"]
[SourceDate "2018.10.10"]
[SourceVersion "1"]
[SourceVersionDate "2018.10.10"]
[SourceQuality "1"]
[WhiteTeam "Rybnik MKSz U19 II"]
[BlackTeam "Gniezno LKS Chrobry U19"]
[WhiteTeamCountry "POL"]
[BlackTeamCountry "POL"]

1. e4 Nf6 2. e5 Nd5 3. d4 d6 4. c4 Nb6 5. f4 dxe5 6. fxe5 Nc6 7. Be3 Bf5 8. Nf3 Bg4 9. Nc3 e6 10. Be2 Qd7 11. 0-0 0-0-0 12. a3 Bxf3 13. Rxf3 Nxd4 14. Bxd4 Qxd4+ 15. Qxd4 Rxd4 16. Rxf7 Nxc4 17. Nb5 Nxe5 18. Rxf8+ Rxf8 19. Nxd4 Re8 20. Re1 Re7 21. Bf1 c5 22. Nb3 Nd7 23. Bb5 b6 24. Kf2 Nf8 25. Nd2 Kb7 26. Nf3 a6 27. Bd3 b5 28. Be4+ Kc7 29. Rd1 g6 30. Ne5 Re8 31. Ke3 Re7 32. h4 Rg7 33. Bc6 g5 34. h5 h6 35. Rf1 Rg8 36. Rf7+ Kb6 37. b4 1-0

[Event "POL-chT U19 2nd League"]
[Site "Iwonicz"]
[Date "2016.07.31"]
[Round "10.21"]
[White "Oles, Martin"]
[Black "Skurniak, Szymon"]
[Result "1/2-1/2"]
[WhiteElo "1485"]
[BlackElo "1603"]
[PlyCount "51"]
[EventDate "2016.07.23"]
[EventType "team-swiss"]
[EventRounds "11"]
[EventCountry "POL"]
[SourceTitle "EXT 2019"]
[Source "ChessBase"]
[SourceDate "2018.10.10"]
[SourceVersion "1"]
[SourceVersionDate "2018.10.10"]
[SourceQuality "1"]
[WhiteTeam "Rybnik MKSz U19 II"]
[BlackTeam "Kalisz KTS U19"]
[WhiteTeamCountry "POL"]
[BlackTeamCountry "POL"]

1. e4 c5 2. Nf3 e6 3. d4 cxd4 4. Nxd4 a6 5. Bd3 Qc7 6. 0-0 Nf6 7. Kh1 d6 8. f4 Nbd7 9. Nc3 Be7 10. f5 Nc5 11. h3 b5 12. a3 Bb7 13. Qe2 e5 14. Nf3 h5 15. Bg5 Ng4 16. Bxe7 Qxe7 17. Kg1 Nf6 18. Rad1 Bc6 19. Rfe1 Rd8 20. Kh1 Ng4 21. Kg1 Nf6 22. Kh1 Ng4 23. Kg1 Nf6 24. Kh1 Ng4 25. Kg1 Nf6 26. Kh1 1/2-1/2

[Event "POL-chT U19 2nd League"]
[Site "Iwonicz"]
[Date "2016.07.31"]
[Round "4.4"]
[White "Redzisz, Michal"]
[Black "Oles, Martin"]
[Result "1/2-1/2"]
[WhiteElo "1756"]
[BlackElo "1485"]
[PlyCount "65"]
[EventDate "2016.07.23"]
[EventType "team-swiss"]
[EventRounds "11"]
[EventCountry "POL"]
[SourceTitle "EXT 2019"]
[Source "ChessBase"]
[SourceDate "2018.10.10"]
[SourceVersion "1"]
[SourceVersionDate "2018.10.10"]
[SourceQuality "1"]
[WhiteTeam "Chylice KS Laura U19 II"]
[BlackTeam "Rybnik MKSz U19 II"]
[WhiteTeamCountry "POL"]
[BlackTeamCountry "POL"]

1. e4 c5 2. c4 d6 3. Nc3 Nc6 4. g3 e5 5. Bg2 Be6 6. d3 g6 7. Be3 Bg7 8. Qd2 Nge7 9. Nge2 0-0 10. 0-0 f5 11. f4 Qd7 12. Rab1 Rac8 13. a3 b6 14. b4 Nd4 15. b5 Nxe2+ 16. Nxe2 fxe4 17. Bxe4 d5 18. cxd5 Bxd5 19. Rfd1 Nf5 20. Bf2 Rfd8 21. Qc2 Nd4 22. Nxd4 exd4 23. Bxd5+ Qxd5 24. Qc4 Qxc4 25. dxc4 Re8 26. Re1 Kf7 27. Kg2 Bf6 28. Kf3 Rcd8 29. Rxe8 Rxe8 30. Re1 Re6 31. Rxe6 Kxe6 32. Ke4 Kd6 33. Be1 1/2-1/2

[Event "POL-chT U19 2nd League"]
[Site "Iwonicz"]
[Date "2015.08.01"]
[Round "1.45"]
[White "Oles, Martin"]
[Black "Burzak, Wojciech"]
[Result "1/2-1/2"]
[WhiteElo "1364"]
[BlackElo "1570"]
[PlyCount "85"]
[EventDate "2015.07.25"]
[EventType "team-swiss"]
[EventRounds "11"]
[EventCountry "POL"]
[SourceTitle "EXT 2019"]
[Source "ChessBase"]
[SourceDate "2018.10.10"]
[SourceVersion "1"]
[SourceVersionDate "2018.10.10"]
[SourceQuality "1"]
[WhiteTeam "Rybnik MKSz U19 II"]
[BlackTeam "Gliwice Carbo U19"]
[WhiteTeamCountry "POL"]
[BlackTeamCountry "POL"]

1. e4 e5 2. Nf3 Nc6 3. Nc3 Nf6 4. d4 exd4 5. Nxd4 Bb4 6. Nxc6 bxc6 7. Bd3 d5 8. exd5 cxd5 9. 0-0 0-0 10. Bg5 c6 11. Qf3 h6 12. Bxh6 gxh6 13. Qf4 Kg7 14. Qxb4 Rg8 15. Qh4 Qd6 16. Rfe1 Rh8 17. Re3 Kf8 18. Rf3 Ng4 19. Re1 Rg8 20. Bf5 Bxf5 21. Rxf5 Rg7 22. Kh1 Qg6 23. Rf3 Qd6 24. g3 Rg6 25. Rf4 h5 26. Qxh5 Qxf4 27. Qh8+ Rg8 28. Qxg8+ Kxg8 29. gxf4 Kf8 30. Kg2 Rb8 31. b3 Rb4 32. Kg3 Nf6 33. f3 Nh5+ 34. Kf2 Rxf4 35. Ne2 Rh4 36. Rh1 a5 37. Ng3 Nxg3 38. Kxg3 Rd4 39. Rf1 a4 40. h3 a3 41. Rf2 Rd1 42. Kg2 Ra1 43. c3 1/2-1/2